[Event "Commonwealth-ch"]
[Site "Mumbai"]
[Date "2004.01.16"]
[Round "7"]
[White "Lakshmi, Praneetha K"]
[Black "Joshi, SG."]
[Result "1/2-1/2"]
[WhiteElo "1970"]
[BlackElo "2211"]
[PlyCount "72"]
[EventDate "2004.01.10"]
[EventType "swiss"]
[EventRounds "9"]
[EventCountry "IND"]
[SourceTitle "EXT 2006"]
[Source "ChessBase"]
[SourceDate "2005.11.24"]
[SourceVersion "1"]
[SourceVersionDate "2005.11.24"]
[SourceQuality "1"]

1. e4 e6 2. d4 d5 3. Nd2 c5 4. Ngf3 Nc6 5. Bb5 Bd6 6. 0-0 Nge7 7. Re1 Qb6 8. exd5 exd5 9. c4 0-0 10. cxd5 Nxd4 11. Bd3 Nxd5 12. Nxd4 cxd4 13. Nc4 Qc7 14. Nxd6 Qxd6 15. Re4 Nf6 16. Rxd4 Qe5 17. Bf4 Qh5 18. Be2 Qg6 19. Bf3 h5 20. Rd8 Bg4 21. Rxa8 Rxa8 22. Be5 Re8 23. Bxf6 Qxf6 24. Bxg4 hxg4 25. Rb1 Qe6 26. b3 g6 27. g3 Qe2 28. Qd7 Re7 29. Qd8+ Kh7 30. Rc1 Kg7 31. Qd4+ f6 32. Qxa7 Qd2 33. Qc5 Re1+ 34. Rxe1 Qxe1+ 35. Kg2 Qe4+ 36. Kg1 Qe1+ 1/2-1/2

[Event "Commonwealth-ch"]
[Site "Mumbai"]
[Date "2004.01.14"]
[Round "5"]
[White "Ravi, Lanka"]
[Black "Joshi, SG."]
[Result "1-0"]
[WhiteElo "2462"]
[BlackElo "2211"]
[PlyCount "87"]
[EventDate "2004.01.10"]
[EventType "swiss"]
[EventRounds "9"]
[EventCountry "IND"]
[SourceTitle "EXT 2006"]
[Source "ChessBase"]
[SourceDate "2005.11.24"]
[SourceVersion "1"]
[SourceVersionDate "2005.11.24"]
[SourceQuality "1"]

1. d4 d5 2. c4 c6 3. Nc3 Nf6 4. e3 g6 5. Nf3 Bg7 6. Bd3 0-0 7. 0-0 Bg4 8. h3 Bxf3 9. Qxf3 e6 10. Qd1 Nbd7 11. Qb3 Qb6 12. Rd1 a6 13. Bd2 Rad8 14. Rac1 Qa7 15. a4 Qb8 16. a5 Rfe8 17. Bf1 h5 18. Be1 Bf8 19. Ne2 Bd6 20. Bb4 Bc7 21. Nc3 Kg7 22. Be2 Nf8 23. Qc2 N8h7 24. e4 Bf4 25. e5 Nd7 26. Bd6 Qa7 27. c5 Bg5 28. Rd3 Be7 29. Bxe7 Rxe7 30. Re3 Kh8 31. Bd3 Rg8 32. Qd2 Qb8 33. Ne2 Qf8 34. Bc2 Qg7 35. h4 Nhf8 36. Nf4 Qh6 37. Rce1 f5 38. exf6 Nxf6 39. f3 Kg7 40. Qe2 Kf7 41. Re5 N6d7 42. Qf2 Qh8 43. Nd3 Qf6 44. f4 1-0

[Event "Commonwealth-ch"]
[Site "Mumbai"]
[Date "2004.01.13"]
[Round "4"]
[White "Joshi, SG."]
[Black "Poobesh Anand, Selvaraj"]
[Result "0-1"]
[WhiteElo "2211"]
[BlackElo "2360"]
[PlyCount "110"]
[EventDate "2004.01.10"]
[EventType "swiss"]
[EventRounds "9"]
[EventCountry "IND"]
[SourceTitle "EXT 2006"]
[Source "ChessBase"]
[SourceDate "2005.11.24"]
[SourceVersion "1"]
[SourceVersionDate "2005.11.24"]
[SourceQuality "1"]

1. e4 c5 2. c3 Nf6 3. e5 Nd5 4. d4 cxd4 5. Qxd4 e6 6. Nf3 Nc6 7. Qe4 f5 8. exf6 Nxf6 9. Qc2 e5 10. Bg5 d5 11. Bb5 Bd6 12. Nbd2 0-0 13. Qb3 Be6 14. Bh4 Kh8 15. Bg3 e4 16. Bxc6 exf3 17. Bb5 fxg2 18. Rg1 Bxg3 19. hxg3 Bg4 20. f3 Qe7+ 21. Kd1 Qe3 22. Rxg2 Bxf3+ 23. Nxf3 Qxf3+ 24. Re2 Ne4 25. Kc2 Rad8 26. Bd3 Nf2 27. Rd2 Nxd3 28. Rxd3 Qe2+ 29. Rd2 Qe4+ 30. Kc1 d4 31. Qc4 Qe1+ 32. Rd1 Qe3+ 33. Kc2 dxc3 34. bxc3 Qf2+ 35. Kb3 Rc8 36. Qd4 Qf7+ 37. Qd5 Qc7 38. Qd4 Rfd8 39. Qb4 Rf8 40. Rf1 Rfd8 41. Rad1 h6 42. Rxd8+ Qxd8 43. Rf4 Qd5+ 44. c4 Qd1+ 45. Kb2 Qe2+ 46. Kb1 Kh7 47. Qb3 Qd2 48. Qc2+ Qxc2+ 49. Kxc2 b5 50. Kb3 Rxc4 51. Rxc4 bxc4+ 52. Kxc4 h5 53. Kb5 g5 54. Ka6 h4 55. gxh4 g4 0-1

[Event "Commonwealth-ch"]
[Site "Mumbai"]
[Date "2004.01.11"]
[Round "2"]
[White "Joshi, SG."]
[Black "Vahidov, Tair"]
[Result "0-1"]
[WhiteElo "2211"]
[BlackElo "2515"]
[PlyCount "109"]
[EventDate "2004.01.10"]
[EventType "swiss"]
[EventRounds "9"]
[EventCountry "IND"]
[SourceTitle "EXT 2006"]
[Source "ChessBase"]
[SourceDate "2005.11.24"]
[SourceVersion "1"]
[SourceVersionDate "2005.11.24"]
[SourceQuality "1"]

1. e4 e6 2. d4 d5 3. Nd2 c5 4. exd5 Qxd5 5. Ngf3 cxd4 6. Bc4 Qd6 7. 0-0 Nf6 8. Nb3 Nc6 9. Nbxd4 Nxd4 10. Qxd4 Bd7 11. Bf4 Qxd4 12. Nxd4 Rc8 13. Bb3 Bc5 14. Rad1 0-0 15. h3 h6 16. Rfe1 b5 17. Be5 a5 18. c3 a4 19. Bc2 Nd5 20. a3 Nb6 21. Bd3 f6 22. Bg3 Bxd4 23. cxd4 Nc4 24. Bxc4 Rxc4 25. Bd6 Rfc8 26. Rd2 Kf7 27. f3 Bc6 28. Bb4 Bd5 29. Kf2 g5 30. Re3 Rc1 31. Bc3 h5 32. Re1 Rxe1 33. Kxe1 g4 34. hxg4 hxg4 35. fxg4 Rg8 36. Kf1 Rxg4 37. Rf2 Kg6 38. Kg1 f5 39. Kh2 Kh5 40. Kg1 Re4 41. Rd2 Kg4 42. Rf2 Re3 43. Kh2 Rd3 44. Rd2 Rg3 45. Rf2 f4 46. Be1 Rd3 47. Bc3 b4 48. Bxb4 Rxd4 49. Rd2 Re4 50. Rc2 Re3 51. Rf2 e5 52. Rd2 Be4 53. Bc3 Kf5 54. Kg1 Rg3 55. Kf1 0-1